=LDR 00000nam 2200000 4500 =001 INLIS000000000029036 =005 20210716072122 =035 ##$$a 0010-061300000029036 =008 210716################g##########0#ind## =041 ##$$a Ind =082 ##$$a 340 =090 ##$$a 340, Sun h =100 1#$$a Sunggono, Bambang =245 1#$$a Hukum dan Kebijaksanaan Publik /$c Bambang Sunggono, SH., M.S =260 ##$$a Jakarta :$b Sinar Grafika,$c 1994 =300 ##$$a viii, 191 hlm ; $c 21x14 cm =650 #4$$a Hukum - publik =850 ##$$a NBPNMAT =020 ##$$a 979-8061-68-3 =084 ##$$a 340 SUN h =250 ##$$a cet.1 =990 ##$$a 117.377/Pro-97 =990 ##$$a 117.377/Pro-97